000 00544nam a22002057a 4500
003 Ost
005 20260318035930.0
008 260318b |||||||| |||| 00| 0 eng d
020 _a9780071377843
040 _cBT-PhCST
050 _a25837
082 _222
_a720.28
_bRUS
100 _a Russ, Thomas H.
245 _aSite planning and design handbook /
260 _aNew York :
_bMcGraw Hill Education,
_cc2002.
300 _axvii, 492 p. :
_bill. ;
_c24 cm.
500 _aIncludes index.
700 _aStephen M. Russ.
942 _2ddc
_cAE
999 _c10222
_d10222